Culture Générale - Série 82 - Statistiques

Statistiques générales
  • Ce quiz a été pris 552 fois
  • Le résultat moyen est 5 sur 10
Statistiques - réponses
Question Réponse % Correct
Quelle est la capitale de la Thaïlande ? Bangkok
87%
Aux Etats-Unis, quel sport est concerné par le "Super Bowl" ? Football Américain
84%
Qu'est-ce qui est "un long fleuve tranquille" pour Etienne Chatiliez ? Vie
69%
Quelle religieuse a reçu le prix Nobel de la paix en 1979 ? Mère Teresa
56%
Qui était Robert Surcouf ? Corsaire
36%
Quelle équipe cycliste a été exclue du Tour de France pour dopage en 1998 ? Festina
33%
Quel acteur fut marié avec Madonna de 1985 à 1989 ? Sean Penn
28%
Au théâtre, en quelle matière est "le soulier" de Paul Claudel ? Satin
26%
Au tarot, que comporte une poignée ? Atouts
25%
Quelle joueuse de tennis a remporté l'US Open 2006 ? Maria Sharapova
25%
Aucun quiz correspondant
Distribution des résultats
% des personnes avec chaque résultat
Percentile par nombre de réponses
Votre historique - résultats
Vous n’avez pas pris ce quiz